Other Names Of Countries - Statistics

General Stats
  • This quiz has been taken 26 times
  • The average score is 13 of 15
Answer Stats
Question Answer % Correct
Cabo Verde Cape Verde
100%
Swaziland (Old name) Eswatini
100%
Côte D'Ivoire Ivory Coast
100%
Türkiye Turkey
100%
Österreich Austria
96%
Hellas Greece
96%
Duesthland Germany
92%
Tchad Chad
88%
Holy See Vatican City
88%
Kampuchea Cambodia
84%
Bharat India
84%
Suomi Finland
76%
Southern Land Australia
64%
Hanguk South Korea
56%
Hayastán Armenia
32%
No matching quizzes found
Score Distribution
Percent of People with Each Score
Percentile by Number Answered
Your Score History
You have not taken this quiz